| 000 | 00598cam a2200229 4500 | ||
|---|---|---|---|
| 001 | B2454 | ||
| 008 | 090401t1989 xxu||||| |||| 00| 0 eng d | ||
| 035 | _a(Sirsi) u50085 | ||
| 041 | _aeng | ||
| 050 | _a333.3309425 | ||
| 110 | _aWilliam H.Brown | ||
| 245 | _aToday and tommorrow: property market commentary | ||
| 260 |
_aSleaford,Lincs _bWilliam H.Brown _c1989 |
||
| 300 | _a24p. : ill. ; 30cm. | ||
| 350 | _a0 | ||
| 650 | _aPROPERTY-COMMERCIAL PROPERTY | ||
| 650 | _aEAST MIDLANDS | ||
| 650 | _aFARM LAND | ||
| 650 |
_aRESIDENTIAL PROPERTY _96266 |
||
| 942 | _n0 | ||
| 948 | _c04/03/1997 | ||
| 999 |
_c92660 _d92660 |
||